Normal view
MARC view
- قرقز،صالح عبدالله
Entry Personal Name
001 - CONTROL NUMBER
- control field: 14571
003 - CONTROL NUMBER IDENTIFIER
- control field: JO-AjAnu
005 - DATE AND TIME OF LATEST TRANSACTION
- control field: 20230606072627.0
008 - FIXED-LENGTH DATA ELEMENTS
- fixed length control field: 230606|| aca||aabn | a|a d
040 ## - CATALOGING SOURCE
- Original cataloging agency: JO-AjAnu
- Transcribing agency: JO-AjAnu
100 ## - HEADING--PERSONAL NAME
- Personal name: قرقز،صالح عبدالله
670 ## - SOURCE DATA FOUND
- Source citation: Work cat.: (JO-AjAnu)7485: قرقز،صالح عبدالله, author, المعاني الوطنية عند شعراء الإمارة الأردنية "شكلا ومضمونا"